[Event "DEM U10 2025"]
[Site "Willingen GER"]
[Date "2025.06.13"]
[Round "8"]
[White "Bentele, Otto"]
[Black "Rössling, Johannes"]
[Result "1-0"]
[Termination "normal"]
[Board "18"]
[WhiteElo "1510"]
[BlackElo "1637"]
[WhiteClock "00:53:17"]
[BlackClock "00:23:27"]
[PlyCount "157"]
[WhiteFideId "34653643"]
[BlackFideId "34642773"]
[EventCountry "GER"]
[EventRounds "9"]
[EventType "swiss"]
[EventDate "2025.06.07"]

1. e4 {[%clk 01:30:30]} {[%emt 00:00:29]} e5 {[%clk 01:30:53]} {[%emt
00:00:07]} 2. Nf3 {[%clk 01:30:46]} {[%emt 00:00:12]} Nc6 {[%clk 01:31:05]}
{[%emt 00:00:20]} 3. Bc4 {[%clk 01:30:26]} {[%emt 00:00:51]} Nf6 {[%clk
01:31:01]} {[%emt 00:00:34]} 4. d3 {[%clk 01:29:59]} {[%emt 00:00:54]} Bc5
{[%clk 01:29:44]} {[%emt 00:01:50]} 5. c3 {[%clk 01:28:19]} {[%emt 00:02:09]}
d6 {[%clk 01:26:32]} {[%emt 00:03:42]} 6. O-O {[%clk 01:25:39]} {[%emt
00:03:10]} Be6 {[%clk 01:22:42]} {[%emt 00:04:21]} 7. Bxe6 {[%clk 01:24:20]}
{[%emt 00:01:46]} fxe6 {[%clk 01:22:47]} {[%emt 00:00:27]} 8. Nbd2 {[%clk
01:23:49]} {[%emt 00:01:00]} O-O {[%clk 01:22:22]} {[%emt 00:00:56]} 9. h3
{[%clk 01:23:29]} {[%emt 00:00:45]} Kh8 {[%clk 01:20:10]} {[%emt 00:02:47]} 10.
Ng5 {[%clk 01:23:00]} {[%emt 00:00:57]} Qd7 {[%clk 01:19:13]} {[%emt 00:01:27]}
11. Qb3 {[%clk 01:22:56]} {[%emt 00:00:34]} Rfe8 {[%clk 01:18:15]} {[%emt
00:01:30]} 12. Qxb7 {[%clk 01:20:23]} {[%emt 00:03:03]} Rab8 {[%clk 01:17:56]}
{[%emt 00:00:48]} 13. Qa6 {[%clk 01:20:22]} {[%emt 00:00:31]} h6 {[%clk
01:14:37]} {[%emt 00:03:50]} 14. Ngf3 {[%clk 01:19:58]} {[%emt 00:00:50]} d5
{[%clk 01:05:40]} {[%emt 00:09:30]} 15. Qa4 {[%clk 01:18:30]} {[%emt 00:01:56]}
Rf8 {[%clk 00:57:09]} {[%emt 00:09:03]} 16. Qc2 {[%clk 01:14:54]} {[%emt
00:04:06]} Nh5 {[%clk 00:55:11]} {[%emt 00:02:28]} 17. Nb3 {[%clk 01:13:24]}
{[%emt 00:01:58]} Bb6 {[%clk 00:55:01]} {[%emt 00:00:42]} 18. Bd2 {[%clk
01:12:04]} {[%emt 00:01:49]} Qf7 {[%clk 00:50:27]} {[%emt 00:05:05]} 19. Be3
{[%clk 01:11:20]} {[%emt 00:01:12]} Qg6 {[%clk 00:48:44]} {[%emt 00:02:15]} 20.
Nh4 {[%clk 01:09:26]} {[%emt 00:02:24]} Qf6 {[%clk 00:48:27]} {[%emt 00:00:47]}
21. Nf3 {[%clk 01:09:08]} {[%emt 00:00:46]} Nf4 {[%clk 00:43:28]} {[%emt
00:05:32]} 22. Bxf4 {[%clk 01:07:36]} {[%emt 00:02:01]} exf4 {[%clk 00:42:06]}
{[%emt 00:01:52]} 23. exd5 {[%clk 01:02:11]} {[%emt 00:05:54]} exd5 {[%clk
00:40:33]} {[%emt 00:02:04]} 24. d4 {[%clk 01:02:05]} {[%emt 00:00:36]} Rbe8
{[%clk 00:39:31]} {[%emt 00:01:33]} 25. Rae1 {[%clk 01:01:25]} {[%emt
00:01:08]} Qf7 {[%clk 00:37:50]} {[%emt 00:02:12]} 26. Nh4 {[%clk 00:57:12]}
{[%emt 00:04:41]} Ne7 {[%clk 00:36:23]} {[%emt 00:02:00]} 27. Re2 {[%clk
00:52:48]} {[%emt 00:04:54]} Qf6 {[%clk 00:35:09]} {[%emt 00:01:44]} 28. Nf3
{[%clk 00:51:00]} {[%emt 00:02:16]} Nf5 {[%clk 00:34:20]} {[%emt 00:01:21]} 29.
Ne5 {[%clk 00:50:27]} {[%emt 00:01:02]} Re6 {[%clk 00:33:31]} {[%emt 00:01:19]}
30. Nd7 {[%clk 00:48:46]} {[%emt 00:02:11]} Rxe2 {[%clk 00:25:40]} {[%emt
00:08:24]} 31. Qxe2 {[%clk 00:47:25]} {[%emt 00:01:50]} Qf7 {[%clk 00:21:37]}
{[%emt 00:04:32]} 32. Nxf8 {[%clk 00:47:28]} {[%emt 00:00:28]} Qxf8 {[%clk
00:22:02]} {[%emt 00:00:05]} 33. Re1 {[%clk 00:47:45]} {[%emt 00:00:13]} Kh7
{[%clk 00:21:55]} {[%emt 00:00:37]} 34. Qe6 {[%clk 00:47:33]} {[%emt 00:00:41]}
Nd6 {[%clk 00:21:53]} {[%emt 00:00:33]} 35. Qxd5 {[%clk 00:47:21]} {[%emt
00:00:41]} Qf6 {[%clk 00:20:57]} {[%emt 00:01:25]} 36. Nc5 {[%clk 00:47:15]}
{[%emt 00:00:38]} Qg6 {[%clk 00:20:50]} {[%emt 00:00:37]} 37. Ne6 {[%clk
00:47:16]} {[%emt 00:00:29]} Qf6 {[%clk 00:20:24]} {[%emt 00:00:56]} 38. Qe5
{[%clk 00:47:18]} {[%emt 00:00:27]} Qf7 {[%clk 00:19:46]} {[%emt 00:01:08]} 39.
Nxf4 {[%clk 00:46:34]} {[%emt 00:01:14]} Nf5 {[%clk 00:17:04]} {[%emt
00:03:12]} 40. Qe4 {[%clk 00:46:38]} {[%emt 00:00:26]} g6 {[%clk 00:17:03]}
{[%emt 00:00:32]} 41. g4 {[%clk 00:46:42]} {[%emt 00:00:25]} Nh4 {[%clk
00:17:20]} {[%emt 00:00:13]} 42. Qe7 {[%clk 00:46:33]} {[%emt 00:00:40]} Nf3+
{[%clk 00:16:57]} {[%emt 00:00:53]} 43. Kh1 {[%clk 00:46:44]} {[%emt 00:00:18]}
Kg7 {[%clk 00:17:03]} {[%emt 00:00:23]} 44. Ne6+ {[%clk 00:46:26]} {[%emt
00:00:49]} Kg8 {[%clk 00:17:13]} {[%emt 00:00:20]} 45. Qxf7+ {[%clk 00:46:15]}
{[%emt 00:00:42]} Kxf7 {[%clk 00:17:34]} {[%emt 00:00:09]} 46. Re3 {[%clk
00:46:27]} {[%emt 00:00:17]} Nd2 {[%clk 00:17:38]} {[%emt 00:00:26]} 47. Re2
{[%clk 00:46:26]} {[%emt 00:00:31]} Nc4 {[%clk 00:17:04]} {[%emt 00:01:04]} 48.
b3 {[%clk 00:46:26]} {[%emt 00:00:29]} Nd6 {[%clk 00:17:26]} {[%emt 00:00:08]}
49. c4 {[%clk 00:46:32]} {[%emt 00:00:25]} Nb7 {[%clk 00:17:29]} {[%emt
00:00:27]} 50. b4 {[%clk 00:46:38]} {[%emt 00:00:25]} a5 {[%clk 00:17:48]}
{[%emt 00:00:11]} 51. c5 {[%clk 00:46:57]} {[%emt 00:00:10]} Ba7 {[%clk
00:18:10]} {[%emt 00:00:08]} 52. bxa5 {[%clk 00:47:21]} {[%emt 00:00:06]} Nxa5
{[%clk 00:18:29]} {[%emt 00:00:12]} 53. Nxc7 {[%clk 00:47:39]} {[%emt
00:00:11]} Nc6 {[%clk 00:18:45]} {[%emt 00:00:13]} 54. d5 {[%clk 00:47:49]}
{[%emt 00:00:21]} Ne7 {[%clk 00:18:57]} {[%emt 00:00:17]} 55. d6 {[%clk
00:48:08]} {[%emt 00:00:12]} Nc6 {[%clk 00:19:20]} {[%emt 00:00:07]} 56. d7
{[%clk 00:47:34]} {[%emt 00:01:04]} Bxc5 {[%clk 00:19:35]} {[%emt 00:00:15]}
57. Ne6 {[%clk 00:47:54]} {[%emt 00:00:10]} Be7 {[%clk 00:19:44]} {[%emt
00:00:21]} 58. d8=Q {[%clk 00:48:17]} {[%emt 00:00:08]} Nxd8 {[%clk 00:20:00]}
{[%emt 00:00:14]} 59. Nxd8+ {[%clk 00:48:19]} {[%emt 00:00:27]} Bxd8 {[%clk
00:20:24]} {[%emt 00:00:06]} 60. a4 {[%clk 00:48:37]} {[%emt 00:00:12]} Kf6
{[%clk 00:20:07]} {[%emt 00:00:48]} 61. Rd2 {[%clk 00:48:30]} {[%emt 00:00:36]}
Ba5 {[%clk 00:19:41]} {[%emt 00:00:56]} 62. Rd5 {[%clk 00:48:51]} {[%emt
00:00:09]} Bc3 {[%clk 00:19:48]} {[%emt 00:00:17]} 63. a5 {[%clk 00:49:07]}
{[%emt 00:00:20]} Ke6 {[%clk 00:20:07]} {[%emt 00:00:11]} 64. Rb5 {[%clk
00:49:23]} {[%emt 00:00:14]} Bd4 {[%clk 00:20:28]} {[%emt 00:00:09]} 65. a6
{[%clk 00:49:48]} {[%emt 00:00:05]} g5 {[%clk 00:20:50]} {[%emt 00:00:08]} 66.
Rb7 {[%clk 00:50:12]} {[%emt 00:00:07]} Kf6 {[%clk 00:20:51]} {[%emt 00:00:29]}
67. a7 {[%clk 00:50:34]} {[%emt 00:00:08]} Bxa7 {[%clk 00:21:15]} {[%emt
00:00:06]} 68. Rxa7 {[%clk 00:51:00]} {[%emt 00:00:03]} Kg6 {[%clk 00:21:39]}
{[%emt 00:00:06]} 69. Kg2 {[%clk 00:51:26]} {[%emt 00:00:05]} h5 {[%clk
00:22:02]} {[%emt 00:00:06]} 70. Ra6+ {[%clk 00:51:44]} {[%emt 00:00:12]} Kg7
{[%clk 00:22:22]} {[%emt 00:00:09]} 71. gxh5 {[%clk 00:52:04]} {[%emt
00:00:12]} Kh7 {[%clk 00:22:34]} {[%emt 00:00:17]} 72. Kg3 {[%clk 00:52:23]}
{[%emt 00:00:11]} Kg7 {[%clk 00:22:51]} {[%emt 00:00:11]} 73. Kg4 {[%clk
00:51:26]} {[%emt 00:01:29]} Kh7 {[%clk 00:23:14]} {[%emt 00:00:08]} 74. Kxg5
{[%clk 00:51:47]} {[%emt 00:00:08]} Kg7 {[%clk 00:23:32]} {[%emt 00:00:11]} 75.
Ra7+ {[%clk 00:52:09]} {[%emt 00:00:09]} Kf8 {[%clk 00:23:39]} {[%emt
00:00:15]} 76. h6 {[%clk 00:52:34]} {[%emt 00:00:13]} Kg8 {[%clk 00:24:03]}
{[%emt 00:00:06]} 77. Kg6 {[%clk 00:52:59]} {[%emt 00:00:06]} Kf8 {[%clk
00:23:10]} {[%emt 00:01:23]} 78. h7 {[%clk 00:53:03]} {[%emt 00:00:25]} Ke8
{[%clk 00:23:27]} {[%emt 00:00:13]} 79. h8=Q# {[%clk 00:53:17]} {[%emt
00:00:17]} 1-0

[Event "DEM U10 2025"]
[Site "Willingen GER"]
[Date "2025.06.13"]
[Round "8"]
[White "Vranckx, Gabriel"]
[Black "Brucker, Oscar"]
[Result "0-1"]
[Termination "normal"]
[Board "19"]
[WhiteElo "1627"]
[BlackElo "1795"]
[WhiteClock "00:58:15"]
[BlackClock "00:24:56"]
[PlyCount "88"]
[WhiteFideId "533031266"]
[BlackFideId "533026432"]
[EventCountry "GER"]
[EventRounds "9"]
[EventType "swiss"]
[EventDate "2025.06.07"]

1. e4 {[%clk 01:30:56]} {[%emt 00:00:03]} e5 {[%clk 01:30:38]} {[%emt
00:00:22]} 2. Nf3 {[%clk 01:31:04]} {[%emt 00:00:23]} Nc6 {[%clk 01:30:30]}
{[%emt 00:00:38]} 3. d4 {[%clk 01:30:57]} {[%emt 00:00:37]} exd4 {[%clk
01:29:28]} {[%emt 00:01:30]} 4. Nxd4 {[%clk 01:28:30]} {[%emt 00:02:59]} Nf6
{[%clk 01:28:16]} {[%emt 00:01:41]} 5. Nc3 {[%clk 01:28:37]} {[%emt 00:00:23]}
Bb4 {[%clk 01:26:33]} {[%emt 00:02:04]} 6. Nxc6 {[%clk 01:27:44]} {[%emt
00:01:34]} bxc6 {[%clk 01:25:34]} {[%emt 00:01:30]} 7. Bd3 {[%clk 01:27:36]}
{[%emt 00:00:37]} O-O {[%clk 01:23:54]} {[%emt 00:02:10]} 8. O-O {[%clk
01:27:42]} {[%emt 00:00:25]} h6 {[%clk 01:22:09]} {[%emt 00:02:13]} 9. Bd2
{[%clk 01:26:01]} {[%emt 00:02:11]} Re8 {[%clk 01:18:16]} {[%emt 00:04:24]} 10.
Qf3 {[%clk 01:24:00]} {[%emt 00:02:31]} Bxc3 {[%clk 01:11:42]} {[%emt
00:07:05]} 11. Bxc3 {[%clk 01:23:56]} {[%emt 00:00:33]} Qe7 {[%clk 00:59:59]}
{[%emt 00:12:12]} 12. Rfe1 {[%clk 01:22:34]} {[%emt 00:01:54]} Bb7 {[%clk
00:54:18]} {[%emt 00:06:11]} 13. Bxf6 {[%clk 01:17:41]} {[%emt 00:05:23]} Qxf6
{[%clk 00:53:25]} {[%emt 00:01:22]} 14. Qxf6 {[%clk 01:16:06]} {[%emt
00:02:05]} gxf6 {[%clk 00:53:52]} {[%emt 00:00:05]} 15. Re3 {[%clk 01:14:59]}
{[%emt 00:01:36]} c5 {[%clk 00:50:24]} {[%emt 00:03:59]} 16. Rg3+ {[%clk
01:14:37]} {[%emt 00:00:51]} Kf8 {[%clk 00:49:53]} {[%emt 00:01:02]} 17. f3
{[%clk 01:12:44]} {[%emt 00:02:23]} Ke7 {[%clk 00:45:19]} {[%emt 00:05:02]} 18.
Re1 {[%clk 01:08:32]} {[%emt 00:04:42]} d6 {[%clk 00:43:04]} {[%emt 00:02:48]}
19. Bc4 {[%clk 01:08:01]} {[%emt 00:01:00]} Rg8 {[%clk 00:40:17]} {[%emt
00:03:16]} 20. Rh3 {[%clk 01:08:04]} {[%emt 00:00:29]} Rh8 {[%clk 00:39:10]}
{[%emt 00:01:36]} 21. f4 {[%clk 01:07:14]} {[%emt 00:01:22]} Rae8 {[%clk
00:35:56]} {[%emt 00:03:43]} 22. Rhe3 {[%clk 01:05:25]} {[%emt 00:02:20]} Rhg8
{[%clk 00:35:12]} {[%emt 00:01:14]} 23. Bd5 {[%clk 01:02:22]} {[%emt 00:03:34]}
c6 {[%clk 00:29:54]} {[%emt 00:05:48]} 24. Bc4 {[%clk 01:02:10]} {[%emt
00:00:41]} Kf8 {[%clk 00:28:13]} {[%emt 00:02:09]} 25. Bb3 {[%clk 01:01:26]}
{[%emt 00:01:16]} d5 {[%clk 00:26:01]} {[%emt 00:02:43]} 26. exd5 {[%clk
01:00:41]} {[%emt 00:01:14]} Rxe3 {[%clk 00:26:01]} {[%emt 00:00:30]} 27. Rxe3
{[%clk 01:01:05]} {[%emt 00:00:07]} cxd5 {[%clk 00:26:19]} {[%emt 00:00:13]}
28. Ba4 {[%clk 01:00:20]} {[%emt 00:01:15]} f5 {[%clk 00:23:35]} {[%emt
00:03:14]} 29. Re8+ {[%clk 01:00:27]} {[%emt 00:00:22]} Kg7 {[%clk 00:23:58]}
{[%emt 00:00:07]} 30. Rxg8+ {[%clk 01:00:47]} {[%emt 00:00:11]} Kxg8 {[%clk
00:24:19]} {[%emt 00:00:09]} 31. Bd7 {[%clk 01:01:11]} {[%emt 00:00:05]} Kg7
{[%clk 00:24:11]} {[%emt 00:00:38]} 32. Bxf5 {[%clk 01:01:12]} {[%emt
00:00:29]} Kf6 {[%clk 00:24:37]} {[%emt 00:00:04]} 33. Bg4 {[%clk 01:00:58]}
{[%emt 00:00:44]} Ke7 {[%clk 00:24:17]} {[%emt 00:00:51]} 34. Bf3 {[%clk
01:00:21]} {[%emt 00:01:07]} Kd6 {[%clk 00:23:12]} {[%emt 00:01:35]} 35. c4
{[%clk 01:00:37]} {[%emt 00:00:14]} Bc6 {[%clk 00:23:08]} {[%emt 00:00:34]} 36.
cxd5 {[%clk 01:00:36]} {[%emt 00:00:31]} Bxd5 {[%clk 00:23:31]} {[%emt
00:00:07]} 37. Bxd5 {[%clk 01:01:01]} {[%emt 00:00:05]} Kxd5 {[%clk 00:23:57]}
{[%emt 00:00:04]} 38. Kf2 {[%clk 01:01:18]} {[%emt 00:00:12]} Ke4 {[%clk
00:24:00]} {[%emt 00:00:27]} 39. g3 {[%clk 01:00:11]} {[%emt 00:01:36]} Kd3
{[%clk 00:24:18]} {[%emt 00:00:13]} 40. a3 {[%clk 01:00:16]} {[%emt 00:00:25]}
Kc2 {[%clk 00:24:22]} {[%emt 00:00:27]} 41. b4 {[%clk 01:00:39]} {[%emt
00:00:06]} c4 {[%clk 00:24:29]} {[%emt 00:00:23]} 42. Ke2 {[%clk 01:00:39]}
{[%emt 00:00:30]} Kb2 {[%clk 00:24:27]} {[%emt 00:00:32]} 43. b5 {[%clk
00:57:56]} {[%emt 00:03:13]} c3 {[%clk 00:24:32]} {[%emt 00:00:25]} 44. b6
{[%clk 00:58:15]} {[%emt 00:00:11]} axb6 {[%clk 00:24:56]} {[%emt 00:00:06]}
0-1

[Event "DEM U10 2025"]
[Site "Willingen GER"]
[Date "2025.06.13"]
[Round "8"]
[White "Fendel, Arsenij"]
[Black "Gheng, Hannes Lucas"]
[Result "0-1"]
[Termination "normal"]
[Board "20"]
[WhiteElo "1279"]
[BlackElo "1483"]
[WhiteClock "00:11:42"]
[BlackClock "00:38:41"]
[PlyCount "120"]
[WhiteFideId "533009635"]
[BlackFideId "34606890"]
[EventCountry "GER"]
[EventRounds "9"]
[EventType "swiss"]
[EventDate "2025.06.07"]

1. c4 {[%clk 01:30:56]} {[%emt 00:00:03]} e5 {[%clk 01:30:55]} {[%emt
00:00:05]} 2. g3 {[%clk 01:31:17]} {[%emt 00:00:09]} Nf6 {[%clk 01:31:11]}
{[%emt 00:00:15]} 3. Bg2 {[%clk 01:30:34]} {[%emt 00:01:12]} c6 {[%clk
01:31:03]} {[%emt 00:00:39]} 4. d4 {[%clk 01:25:25]} {[%emt 00:05:39]} e4
{[%clk 01:25:18]} {[%emt 00:06:15]} 5. Nc3 {[%clk 01:19:09]} {[%emt 00:06:45]}
d5 {[%clk 01:25:21]} {[%emt 00:00:27]} 6. cxd5 {[%clk 01:18:00]} {[%emt
00:01:39]} cxd5 {[%clk 01:22:30]} {[%emt 00:03:21]} 7. Bg5 {[%clk 01:15:16]}
{[%emt 00:03:14]} Be7 {[%clk 01:21:28]} {[%emt 00:01:33]} 8. Qb3 {[%clk
01:11:29]} {[%emt 00:04:17]} Nc6 {[%clk 01:17:05]} {[%emt 00:04:52]} 9. e3
{[%clk 01:09:35]} {[%emt 00:02:23]} Na5 {[%emt 00:02:40]} 10. Qc2 {[%clk
01:02:00]} {[%emt 00:08:03]} Bf5 {[%clk 01:03:39]} {[%emt 00:11:49]} 11. Nge2
{[%clk 00:54:48]} {[%emt 00:07:42]} O-O {[%clk 01:01:07]} {[%emt 00:03:02]} 12.
Bxf6 {[%clk 00:49:38]} {[%emt 00:05:40]} Bxf6 {[%clk 01:01:00]} {[%emt
00:00:37]} 13. b4 {[%clk 00:45:34]} {[%emt 00:04:34]} Nc4 {[%clk 01:01:09]}
{[%emt 00:00:21]} 14. Nxe4 {[%clk 00:44:55]} {[%emt 00:01:09]} Kh8 {[%clk
00:57:31]} {[%emt 00:04:09]} 15. Qc3 {[%clk 00:43:08]} {[%emt 00:02:17]} Rc8
{[%clk 00:53:45]} {[%emt 00:04:16]} 16. Nxf6 {[%clk 00:40:57]} {[%emt
00:02:41]} Ne5 {[%clk 00:53:30]} {[%emt 00:00:45]} 17. Qa3 {[%clk 00:34:18]}
{[%emt 00:07:09]} Nd3+ {[%clk 00:53:45]} {[%emt 00:00:15]} 18. Kf1 {[%clk
00:33:54]} {[%emt 00:00:53]} Qxf6 {[%clk 00:53:39]} {[%emt 00:00:37]} 19. Kg1
{[%clk 00:33:31]} {[%emt 00:00:52]} Rc2 {[%clk 00:53:34]} {[%emt 00:00:35]} 20.
b5 {[%clk 00:31:34]} {[%emt 00:02:27]} Rfc8 {[%clk 00:53:21]} {[%emt 00:00:43]}
21. Nf4 {[%clk 00:27:20]} {[%emt 00:04:45]} Nxf2 {[%clk 00:47:53]} {[%emt
00:05:57]} 22. Rf1 {[%clk 00:20:58]} {[%emt 00:06:53]} Nxh1 {[%clk 00:46:09]}
{[%emt 00:02:15]} 23. Kxh1 {[%clk 00:21:16]} {[%emt 00:00:13]} Be4 {[%clk
00:40:31]} {[%emt 00:06:08]} 24. Bxe4 {[%clk 00:17:37]} {[%emt 00:04:07]} dxe4
{[%clk 00:40:03]} {[%emt 00:00:59]} 25. Kg1 {[%clk 00:15:13]} {[%emt 00:02:54]}
Qh6 {[%clk 00:36:34]} {[%emt 00:03:59]} 26. Ng2 {[%clk 00:14:49]} {[%emt
00:00:54]} Qh3 {[%clk 00:36:16]} {[%emt 00:00:49]} 27. Rf2 {[%clk 00:14:52]}
{[%emt 00:00:26]} h6 {[%clk 00:35:00]} {[%emt 00:01:44]} 28. Ne1 {[%clk
00:08:32]} {[%emt 00:06:52]} Rc1 {[%emt 00:01:23]} 29. Qb4 {[%clk 00:08:14]}
{[%emt 00:00:41]} R8c4 {[%clk 00:32:09]} {[%emt 00:02:35]} 30. Qd2 {[%clk
00:08:04]} {[%emt 00:00:39]} R4c2 {[%clk 00:31:47]} {[%emt 00:00:53]} 31. Qb4
{[%clk 00:07:39]} {[%emt 00:00:53]} Rxf2 {[%clk 00:32:03]} {[%emt 00:00:16]}
32. Kxf2 {[%clk 00:07:56]} {[%emt 00:00:13]} Qxh2+ {[%clk 00:32:24]} {[%emt
00:00:10]} 33. Kf1 {[%clk 00:07:23]} {[%emt 00:01:04]} Qxg3 {[%clk 00:31:00]}
{[%emt 00:01:52]} 34. Ke2 {[%clk 00:07:16]} {[%emt 00:00:38]} Rxe1+ {[%clk
00:29:39]} {[%emt 00:01:52]} 35. Qxe1 {[%clk 00:07:15]} {[%emt 00:00:30]} Qxe1+
{[%clk 00:30:05]} {[%emt 00:00:04]} 36. Kxe1 {[%clk 00:07:34]} {[%emt
00:00:11]} Kg8 {[%clk 00:30:31]} {[%emt 00:00:05]} 37. Kf2 {[%clk 00:07:40]}
{[%emt 00:00:23]} g6 {[%clk 00:30:50]} {[%emt 00:00:12]} 38. Kg3 {[%clk
00:08:01]} {[%emt 00:00:08]} f5 {[%clk 00:31:14]} {[%emt 00:00:06]} 39. Kf4
{[%clk 00:07:29]} {[%emt 00:01:02]} Kf7 {[%clk 00:31:03]} {[%emt 00:00:42]} 40.
a4 {[%clk 00:07:18]} {[%emt 00:00:41]} Kf6 {[%clk 00:31:22]} {[%emt 00:00:10]}
41. a5 {[%clk 00:07:10]} {[%emt 00:00:39]} g5+ {[%clk 00:31:43]} {[%emt
00:00:09]} 42. Kg3 {[%clk 00:07:23]} {[%emt 00:00:16]} h5 {[%clk 00:32:07]}
{[%emt 00:00:06]} 43. b6 {[%clk 00:07:46]} {[%emt 00:00:07]} h4+ {[%clk
00:32:30]} {[%emt 00:00:06]} 44. Kg2 {[%clk 00:08:05]} {[%emt 00:00:11]} a6
{[%clk 00:32:54]} {[%emt 00:00:07]} 45. Kf2 {[%clk 00:08:11]} {[%emt 00:00:23]}
f4 {[%clk 00:32:58]} {[%emt 00:00:27]} 46. exf4 {[%clk 00:08:26]} {[%emt
00:00:15]} gxf4 {[%clk 00:33:22]} {[%emt 00:00:06]} 47. Ke1 {[%clk 00:08:09]}
{[%emt 00:00:39]} Ke6 {[%clk 00:33:43]} {[%emt 00:00:17]} 48. Ke2 {[%clk
00:08:25]} {[%emt 00:00:14]} Kd5 {[%clk 00:34:07]} {[%emt 00:00:06]} 49. Ke1
{[%clk 00:08:48]} {[%emt 00:00:06]} Kxd4 {[%clk 00:34:29]} {[%emt 00:00:08]}
50. Ke2 {[%clk 00:09:11]} {[%emt 00:00:07]} f3+ {[%clk 00:34:55]} {[%emt
00:00:04]} 51. Kf2 {[%clk 00:09:28]} {[%emt 00:00:13]} Kd3 {[%clk 00:35:18]}
{[%emt 00:00:08]} 52. Ke1 {[%clk 00:09:36]} {[%emt 00:00:21]} e3 {[%clk
00:35:43]} {[%emt 00:00:05]} 53. Kf1 {[%clk 00:09:52]} {[%emt 00:00:14]} e2+
{[%clk 00:36:01]} {[%emt 00:00:13]} 54. Ke1 {[%clk 00:10:11]} {[%emt 00:00:11]}
f2+ {[%clk 00:36:23]} {[%emt 00:00:07]} 55. Kxf2 {[%clk 00:10:33]} {[%emt
00:00:08]} Kd2 {[%clk 00:36:49]} {[%emt 00:00:05]} 56. Kf3 {[%clk 00:10:47]}
{[%emt 00:00:14]} e1=Q {[%clk 00:37:12]} {[%emt 00:00:09]} 57. Kg4 {[%clk
00:10:50]} {[%emt 00:00:22]} Qg3+ {[%clk 00:37:35]} {[%emt 00:00:11]} 58. Kh5
{[%clk 00:11:09]} {[%emt 00:00:10]} h3 {[%clk 00:37:57]} {[%emt 00:00:09]} 59.
Kh6 {[%clk 00:11:33]} {[%emt 00:00:06]} h2 {[%clk 00:38:20]} {[%emt 00:00:07]}
60. Kh7 {[%clk 00:11:42]} {[%emt 00:00:21]} h1=R# {[%clk 00:38:41]} {[%emt
00:00:09]} 0-1